All Current Heads of Government for the Americas - Statistics

General Stats
  • This quiz has been taken 11 times
  • The average score is 12 of 34
Answer Stats
Country Title of Office Head of Government % Correct
Canada Prime Minister Justin Trudeau
100%
United States President Donald Trump
88%
Nicaragua President Daniel Ortega
75%
Colombia President Gustavo Petro
75%
Argentina President Javier Milei
75%
Brazil President Luiz Inácio Lula da Silva
75%
Venezuela President Nicolás Maduro
75%
Mexico President Claudia Sheinbaum
63%
Chile President Gabriel Boric
63%
Honduras President Xiomara Castro
63%
El Salvador President Nayib Bukele
50%
Ecuador President Daniel Noboa
38%
Cuba President & Field Sec. of the Communist Party Miguel Díaz-Canel
38%
Guatemala President Bernardo Arévalo
25%
Peru President Dina Boluarte
25%
Panama President José Raúl Mulino
25%
Dominican Republic President Luis Abinader
25%
Bolivia President Luis Acre
25%
Uruguay President Luis Lacalle Pou
25%
Barbados Prime Minister Mia Mottley
25%
Paraguay President Santiago Peña
25%
Jamaica Prime Minister Andrew Holness
13%
Suriname President Chan Santokhi
13%
Trinidad and Tobago President Christine Kangaloo
13%
Grenada Prime Minister Dickon Mitchell
13%
Bahamas Prime Minister Philip Davis
13%
Antigua and Barbuda Prime Minister Gaston Browne
13%
Guyana President Irfaan Ali
13%
Belize Prime Minister Johnny Briceño
13%
St. Lucia Prime Minister Philip J. Pierre
13%
St. Vincent and the Grenadines Prime Minister Ralph Gonsalves
13%
Costa Rica President Rodrigo Chaves Robles
13%
Dominica Prime Minister Roosevelt Skerrit
13%
St. Kitts and Nevis Prime Minister Terrance Drew
13%
No matching quizzes found
Score Distribution
Percent of People with Each Score
Percentile by Number Answered
Your Score History
You have not taken this quiz